00802nam a2200169 a 450000100100000000500170001000800410002704000250006808200150009324500400010826000800014830000270022895201280025595201130038395201190049699900170061500002968020200930055727.0110425s19uu dr a 000 0 spa d aDO-SdBNPbspacBNPHU axxxbC397800aCentro Oriental Agropecuario (COA). aEl Seybo, República Dominicana :bCentro Oriental Agropecuario,c[197-?]. a11 p. :bil. ;c22 cm. 001054708DSaGRbGRcCTd2011-07-19iLF1l0oxxx C3978p29680-30r2020-06-25te. 3w2020-06-25yLFDSZPréstamo en sala 0010718PDaPDbPDcCTd2011-04-25iLF1l0oxxx C3978p29680-10r2020-06-25w2020-06-25yLFPDZNo se presta 0010718PDaPDbPDcCTd2011-04-27iLF1l0oxxx C3978p29680-20r2020-06-25te. 2w2020-06-25yLFPDZNo se presta c29172d29172